Score 0/25 Timer 10:00
0 Plays Today
% Correct
Honolulu
96.2%
Hilo
92.5%
Pearl City
90.6%
Kailua
77.4%
Kaneohe
60.4%
Kapaa
56.6%
Kahului
54.7%
Waipahu
52.8%
Mililani
47.2%
Kihei
45.3%
Wailuku
45.3%
Ewa Beach
43.4%
Lahaina
43.4%
% Correct
Kapolei
35.8%
Wahiawa
35.8%
Makakilo
34%
Hawaiian Paradise Park
32.1%
Holualoa
32.1%
Aiea
32.1%
Ewa Gentry
30.2%
Waianae
30.2%
Waimanalu
28.3%
Nanakuli
28.3%
Halawa
26.4%
Makaha
26.4%
Remove Ads.
Support Sporcle.
Get the best of Sporcle when you Go Orange. This ad-free experience offers more features, more stats, and more fun while also helping to support Sporcle. Thank you for becoming a member.

You're not logged in!

Compare scores with friends on all Sporcle quizzes.
OR
Log In

Show Comments

Extras

Top Quizzes Today


Score Distribution

Your Account Isn't Verified!

In order to create a playlist on Sporcle, you need to verify the email address you used during registration. Go to your Sporcle Settings to finish the process.

Report this User

Report this user for behavior that violates our Community Guidelines.

Details: